Los Carmelitas descalzos en la evangelización fundante de México, 1521-1590 / (Record no. 61565)

MARC details
000 -LEADER
fixed length control field 00626cam a2200169 4500
005 - DATE AND TIME OF LATEST TRANSACTION
control field 20151005130403.0
008 - FIXED-LENGTH DATA ELEMENTS--GENERAL INFORMATION
fixed length control field 151005b mx ||||| |||| 00| 0 spa d
050 04 - LIBRARY OF CONGRESS CALL NUMBER
Classification number BX3212 .A1
Item number V53 1991
100 1# - MAIN ENTRY--PERSONAL NAME
Personal name Victoria Moreno, Dionisio
245 14 - TITLE STATEMENT
Title Los Carmelitas descalzos en la evangelización fundante de México, 1521-1590 /
Statement of responsibility, etc Dionisio Victoria Moreno.
260 xi - PUBLICATION, DISTRIBUTION, ETC. (IMPRINT)
Date of publication, distribution, etc 1991
300 ## - PHYSICAL DESCRIPTION
Extent 8 p. ;
Dimensions 22 cm.
490 ## - SERIES STATEMENT
Series statement Pioneros de la evangelización de México ;
Volume number/sequential designation fasciculo 6
650 #7 - SUBJECT ADDED ENTRY--TOPICAL TERM
Source of heading or term LEMB
Topical term or geographic name as entry element Carmelitas descalzos en México
General subdivision Historia
650 #7 - SUBJECT ADDED ENTRY--TOPICAL TERM
Source of heading or term LEMB
Topical term or geographic name as entry element Iglesia católica en México
General subdivision Misiones
Chronological subdivision Siglo XVI
942 ## - ADDED ENTRY ELEMENTS (KOHA)
Source of classification or shelving scheme Biblioteca del Cogreso de los Estados Unidos
Koha item type Libro
Holdings
Estado de pérdida Fuente de clasificación Estado del daño No para préstamo Ubicación permanente Ubicación actual Apartado o colección Fecha de adquisición Edición Dependencia de educación superior (DES) Área del conocimiento Clasificación Código de Barras Date last seen Número de copia Tipo de recurso Nota pública
  Biblioteca del Cogreso de los Estados Unidos     Biblioteca del Instituto de Investigaciones Históricas Biblioteca del Instituto de Investigaciones Históricas General 05/10/2015 1a ed. Humanidades Educación y Humanidades BX3212 .A1 V53 1991 IIH000013509 05/10/2015 C: 1 Libro GENERAL